[Event "TCh-ROM Divizia A Masculin"]
[Site "Predeal ROM"]
[Date "2006.11.07"]
[Round "4"]
[White "Grunberg,M"]
[Black "Taras,D"]
[Result "1-0"]
[WhiteElo "2414"]
[BlackElo "2146"]

1.Nf3 d5 2.d4 c6 3.c4 dxc4 4.a4 Nf6 5.Nc3 Bf5 6.e3 e6 7.Bxc4 Nbd7 8.O-O Bd6
9.Re1 Ne4 10.Bd3 Nxc3 11.bxc3 Bxd3 12.Qxd3 O-O 13.e4 e5 14.Rd1 Qc7 15.Bg5 f6
16.Be3 Rad8 17.a5 exd4 18.cxd4 Rfe8 19.e5 Be7 20.Qc4+ Kh8 21.Bf4 Qc8 22.Qf7 Nf8
23.Bh6 Ne6 24.Bxg7+ Nxg7 25.exf6 Bxf6 26.Qxf6 Qf5 27.Qxf5 Nxf5 28.a6 bxa6
29.h3 Re4 30.Rxa6 Nxd4 31.Rxd4 Rexd4 32.Nxd4 Rxd4 33.Rxa7 c5 34.Rc7 Rd1+
35.Kh2 Rc1 36.Kg3 c4 37.Kf4 c3 38.g4 c2 39.h4 Rh1 40.Rxc2 Rxh4 41.Kg5 Rh3
42.f4 Rb3 43.Rc8+ Kg7 44.Rc7+ Kg8 45.f5 Rb6 46.Re7 Rb4 47.Kf6 Rb6+ 48.Re6 Rb8
49.Rd6 Re8 50.Rd7 Rf8+ 51.Kg5 Ra8 52.f6 Ra6 53.Kf5 Rb6 54.g5 Ra6 55.Rd5 Ra1
56.Ke6 Re1+ 57.Re5 Ra1 58.Re4 Ra6+ 59.Kf5 Ra5+ 60.Kg4 Ra1 61.Kh5 Kf7 62.Rh4 Rg1
63.Rh3 Rg2 64.Rh1 Ra2 65.Kh6 Rg2 66.Rh5 Kg8 67.Rh1 Kf7 68.Kh5 Ra2 69.Re1 Rh2+
70.Kg4 Rg2+ 71.Kf4 Rf2+ 72.Kg3 Ra2 73.Re7+ Kg8 74.Re8+ Kf7 75.Rh8  1-0

[Event "TCh-ROM Divizia A Feminin"]
[Site "Predeal ROM"]
[Date "2006.11.07"]
[Round "4"]
[White "Chirita,A"]
[Black "Traistaru,T"]
[Result "1/2-1/2"]
[WhiteElo "1972"]
[BlackElo "2126"]

1.d4 d5 2.c4 c6 3.Nf3 Nf6 4.Qc2 g6 5.e3 Bf5 6.Qb3 Qb6 7.Nbd2 e6 8.c5 Qc7
9.Qc3 Nbd7 10.Be2 Bg7 11.O-O Ne4 12.Nxe4 Bxe4 13.Nd2 e5 14.Nxe4 dxe4 15.Bc4 O-O
16.b4 Rad8 17.Bb2 exd4 18.exd4 Nf6 19.h3 Nd5 20.Qb3 f5 21.Rad1 Kh8 22.Rfe1 Rfe8
23.a4 f4 24.b5 f3 25.Bxd5 cxd5 26.gxf3 Rf8 27.fxe4 Rxf2 28.e5 Rdf8 29.Bc1 Qd7
30.Rd3 Qf5 31.Qd1 g5 32.Rg3 Bh6 33.Be3 Bg7 34.Qb1 Qf7 35.Qd1 Rf5 36.Qe2 h5
37.Rg2 Rf3 38.Rf2 g4 39.Rxf3 gxf3 40.Qf2 Qf5 41.Kh2 Rf7 42.Rg1 Bf8 43.Rg5 Qh7
44.e6 Rf5 45.Qc2 Qc7+ 46.Kh1 Rxg5 47.Bxg5 Qg3 48.Bf6+ Bg7 49.Bxg7+ Qxg7 50.Qf2 Qf6
51.e7 Qxe7 52.Qxf3 Qe1+ 53.Kg2 Qd2+ 54.Qf2 Qg5+ 55.Kh2 Qg7 56.Qf4 Qg6 57.Qe5+ Kh7
58.Qxd5 Qc2+ 59.Qg2 Qxa4 60.Qxb7+ Kh8 61.Qa8+ Kg7 62.b6 Qxd4 63.Qg2+ Kh8
64.bxa7 Qe5+ 65.Qg3 Qb2+ 66.Kh1 Qa1+  1/2-1/2

[Event "10th OIBM"]
[Site "Bad Wiessee GER"]
[Date "2006.11.08"]
[Round "5"]
[White "Khenkin,I"]
[Black "Burmakin,V"]
[Result "1/2-1/2"]
[WhiteElo "2620"]
[BlackElo "2559"]

1.d4 d5 2.c4 c6 3.Nf3 Nf6 4.Qb3 Nbd7 5.cxd5 cxd5 6.Nc3 e6 7.Bf4 Be7 8.h3 O-O
9.e3 a6 10.Bd3 b5 11.O-O Qa5 12.a4 b4 13.Ne2 Bb7 14.Nc1 Rfc8 15.Qd1 Qd8 16.a5 Rc6
17.Nb3 Ne4 18.Ne5 Nxe5 19.Bxe5 Nd6 20.Nc5 Qc8 21.Qh5 g6 22.Qh6 Ne8 23.Nb3 Qd8
24.Bf4 Rac8 25.f3 Bf6 26.Rf2 Bg7 27.Qg5 Bf6 28.Qh6 Bg7 29.Qg5 Bf6 30.Qh6  1/2-1/2

[Event "10th OIBM"]
[Site "Bad Wiessee GER"]
[Date "2006.11.10"]
[Round "7"]
[White "Landa,K"]
[Black "Georgiev,Vl"]
[Result "1/2-1/2"]
[WhiteElo "2570"]
[BlackElo "2532"]

1.d4 d5 2.Nf3 c6 3.c4 dxc4 4.e3 Be6 5.a4 Nf6 6.Na3 Bd5 7.Bxc4 Qb6 8.Qb3 e6
9.Bxd5 exd5 10.Qxb6 axb6 11.b3 Na6 12.Ke2 Ne4 13.Ne5 Nc3+ 14.Kd3 Ne4 15.Ke2 Nc3+
16.Kf3 Nb4 17.Bd2 Ne4 18.Ke2 Nxd2 19.Kxd2 f6 20.Nf3 Kd7 21.Nb1 Na6 22.Nc3 Bb4
23.Rhc1 Nc7 24.Ne1 Ra5 25.Nd3 Bxc3+ 26.Kxc3 Rha8 27.Kb2 Ne6 28.Ra2 Kd6 29.Rca1 c5
30.b4 R5a6 31.dxc5+ bxc5 32.bxc5+ Nxc5 33.Nxc5 Kxc5 34.Ra3 d4 35.exd4+ Kxd4
36.Rd1+ Ke5 37.Re3+ Kf5 38.Rf3+ Kg6 39.Rg3+ Kh6 40.Rh3+ Kg6 41.Rg3+ Kh6 42.Rh3+  1/2-1/2

[Event "Open"]
[Site "Liberec CZE"]
[Date "2006.11.14"]
[Round "4"]
[White "Broekman,W"]
[Black "Kozak,Mi"]
[Result "1/2-1/2"]
[WhiteElo "2151"]
[BlackElo "2257"]

1.d4 d5 2.c4 c6 3.Nf3 Nf6 4.Qb3 dxc4 5.Qxc4 Bg4 6.Nbd2 g6 7.g3 Bg7 8.Bg2 O-O
9.O-O Na6 10.e3 Nd7 11.h3 Be6 12.Qe2 h6 13.Rd1 Nb6 14.b3 Qc7  1/2-1/2

[Event "1st Magistral Endesa"]
[Site "Santiago CHI"]
[Date "2006.11.17"]
[Round "1"]
[White "Hellsten,J"]
[Black "Valenzuela Fuentealba,L"]
[Result "1/2-1/2"]
[WhiteElo "2592"]
[BlackElo "2415"]

1.d4 d5 2.c4 c6 3.Nf3 Nf6 4.Qb3 dxc4 5.Qxc4 Bf5 6.g3 e6 7.Bg2 Be7 8.O-O O-O
9.Rd1 Nbd7 10.e3 Qc7 11.Nc3 e5 12.h3 Rad8 13.Qe2 Ne4 14.Nxe4 Bxe4 15.Nxe5 Bxg2
16.Nxd7 Rxd7 17.Kxg2 c5 18.d5 Qe5 19.e4 f5 20.d6 Bf6 21.Qc4+ Kh8 22.Bf4 Qxe4+
23.Qxe4 fxe4 24.Rd2 g5 25.Be3 b6 26.Rad1 Kg7 27.b3 Kf7 28.Rd5 Ke6 29.Bxg5 Bd4
30.R5xd4 cxd4 31.Rxd4 Rxd6 32.Rxe4+ Kd5 33.Re7 h6 34.Be3 a6 35.Rb7 Rff6 36.g4 Ke4
37.h4 Rfe6 38.h5 b5 39.Rg7 Rf6 40.Kg3 Rfe6 41.Rh7 Rf6 42.Re7+ Rfe6 43.Ra7 Rd1
44.a4 Rg1+ 45.Kh3 Rf6 46.axb5 Kf3 47.Kh2 Rg2+ 48.Kh3 axb5 49.Rb7 Rg1 50.Kh2 Rg2+
51.Kh3 Rg1 52.Kh2 Rg2+ 53.Kh3 Rg1 54.Kh2  1/2-1/2

[Event "1st GMA Cup"]
[Site "Manila PHI"]
[Date "2006.11.18"]
[Round "2"]
[White "Nadera,B"]
[Black "Quizon,L"]
[Result "1-0"]
[WhiteElo "2391"]
[BlackElo "2077"]

1.d4 d5 2.Nf3 Nf6 3.c4 c6 4.Qc2 Ne4 5.Nc3 Bf5 6.Qb3 Nxc3 7.bxc3 Qc7 8.Bf4 Qc8
9.e3 e6 10.Be2 Be7 11.O-O Nd7 12.h3 O-O 13.a4 dxc4 14.Bxc4 Nb6 15.Be2 c5
16.Rfc1 Rd8 17.a5 Nd5 18.Bg3 Bg6 19.Nd2 Bd6 20.Bh4 Be7 21.Bxe7 Nxe7 22.Bf3 Rb8
23.Nc4 h6 24.Qa3 Nf5 25.g3 Qc7 26.Qxc5 Qxc5 27.dxc5 Rdc8 28.Ne5 Rc7 29.a6 b6
30.Rcb1 Ne7 31.Nxg6 Nxg6 32.cxb6 Re7 33.bxa7 Rxb1+ 34.Rxb1 Rxa7 35.Rb8+ Kh7
36.Bb7 Ne7 37.c4 Kg6 38.e4 Kf6 39.f4 e5 40.f5 g6 41.g4 h5 42.Kf2 Kg5 43.Re8  1-0

[Event "TCh-BEL 2006-7"]
[Site "Belgium BEL"]
[Date "2006.11.19"]
[Round "4"]
[White "Ooms,A"]
[Black "Winants,L"]
[Result "1/2-1/2"]
[WhiteElo "2222"]
[BlackElo "2517"]

1.d4 Nf6 2.Nf3 d5 3.c4 c6 4.Qc2 g6 5.cxd5 cxd5 6.Bf4 Nc6 7.e3 Bg7 8.Ne5 O-O
9.Nxc6 bxc6 10.Bd3 Ba6 11.Bxa6 Qa5+ 12.Nd2 Qxa6 13.b4 Nd7 14.Nf3 f6 15.h4 e5
16.Bg3 exd4 17.Nxd4 f5 18.Rd1 Rae8 19.Bf4 Bxd4 20.Rxd4 Re4 21.Rxe4 fxe4 22.Qe2 Qa4
23.O-O Qxb4 24.h5 Qe7 25.hxg6 hxg6 26.Qa6 Nb6 27.Rc1 g5 28.Bg3 Qd7 29.Qe2 g4
30.Bh4 Rf7 31.Rb1 Rh7 32.g3 Rf7 33.Qc2 Qf5 34.a4 Nc4 35.Rb8+ Kh7 36.Qe2 Qf3
37.Qxf3 gxf3 38.Rc8 Ne5 39.g4 Rb7 40.Kh2 Nxg4+ 41.Kg3 Ne5 42.Bf6 Nd7 43.Bd4 c5
44.Bxc5 Kg6 45.Bd4 Kf5 46.Ra8 Rb1 47.Rxa7 Rg1+ 48.Kh3 Rh1+ 49.Kg3 Rg1+ 50.Kh3 Ne5
51.Bxe5 Kxe5 52.Rb7 Ra1 53.Rb4 Ra2 54.Kg3 Ra1 55.Rd4 Kd6 56.Rd2 Rxa4 57.Rc2 Ra1
58.Rc3 Ke5 59.Rc2 Rg1+ 60.Kh3 Rg2 61.Ra2 Kd6 62.Rd2 Kc5 63.Rc2+ Kb5 64.Rd2 Kc4
65.Rd4+ Kc5 66.Rd2 Kd6 67.Ra2 Ke5 68.Rb2 d4 69.exd4+ Kxd4 70.Rd2+ Ke5 71.Ra2 Rg8
72.Rb2 Kf4 73.Kh2 Ke5 74.Ra2 Kd4 75.Rb2 Kc4 76.Rc2+ Kb3 77.Rd2 Kc3 78.Ra2 Kd3
79.Rb2 Rg2+ 80.Kh3 Kc3 81.Ra2 Kb3 82.Rd2 Kb4 83.Rb2+ Ka3 84.Rc2 Kb3 85.Rd2 Kc3
86.Ra2 Kd3 87.Rb2 Rg1 88.Kh2 Rd1 89.Kg3 Rg1+ 90.Kh2 Rg6 91.Ra2 e3 92.fxe3 Ke4
93.Ra4+ Kd3 94.Ra3+ Ke4 95.Ra4+ Kxe3 96.Ra3+ Kf4 97.Ra4+  1/2-1/2

[Event "1st GMA Cup"]
[Site "Manila PHI"]
[Date "2006.11.19"]
[Round "4"]
[White "Mikhalevski,V"]
[Black "Zhang Pengxiang"]
[Result "1/2-1/2"]
[WhiteElo "2580"]
[BlackElo "2636"]

1.d4 d5 2.c4 c6 3.Nf3 dxc4 4.e3 Be6 5.a4 Nf6 6.Na3 c5 7.Bxc4 Bxc4 8.Nxc4 Qd5
9.Qb3 e6 10.O-O Nc6 11.Bd2 Rb8 12.Rfd1 Be7 13.dxc5 Qxc5 14.Bc3 O-O 15.Nce5 Rfd8
16.Rxd8+ Bxd8 17.Qb5 Qxb5 18.axb5 Nxe5 19.Nxe5 Bb6 20.Bd4 Rc8 21.Kf1 g5 22.Nf3 Ne4
23.Bxb6 axb6 24.Nd4 Kf8 25.Ra4 Nd6 26.h4 gxh4 27.Ne2 Rc2 28.Rb4 Ke7 29.Nc3 Rc1+
30.Ke2 Rh1 31.Na4 h3 32.gxh3 Rxh3 33.Nxb6 Rh5 34.Na4 Rxb5 35.Rh4 h5 36.b4 Nf5
37.Rc4 Nd6 38.Rh4 Rg5 39.Nc3 Nf5 40.Rh1 h4 41.Ne4 Rh5 42.Kf3 h3 43.Nc5 b5
44.Ne4 Rh4 45.Ra1 Nd6 46.Nc5 Rxb4 47.Kg3 Ne4+ 48.Nxe4 Rxe4 49.Ra7+ Kd6 50.Rxf7 Rh4
51.Kh2 b4 52.f4 Kc6 53.Rf8 Rh7 54.Re8 b3 55.Rxe6+ Kc5 56.Rg6 b2 57.Rg1 Kc4
58.e4 Kc3 59.f5 Re7 60.f6 Rxe4 61.Rf1 Re8 62.Kxh3 Rf8 63.Rf3+ Kc4 64.Rf4+ Kb3
65.Rf1 Ka4 66.Rf4+ Ka3 67.Rf1 Ka4 68.Rf4+ Ka5 69.Rf5+ Kb4 70.Rf1 Kc3 71.Rf3+ Kc4
72.Rf4+ Kb3 73.Rf1 Rc8 74.f7 Rf8 75.Kg4 Kc2 76.Rf2+ Kc3 77.Rf3+ Kb4 78.Rf1 Ka4
79.Rf3 Kb4 80.Rf4+ Kc5 81.Rf6  1/2-1/2

[Event "1st GMA Cup"]
[Site "Manila PHI"]
[Date "2006.11.20"]
[Round "6"]
[White "Nadera,B"]
[Black "Nava,R"]
[Result "1/2-1/2"]
[WhiteElo "2391"]
[BlackElo "2348"]

1.d4 Nf6 2.c4 c6 3.Nf3 d5 4.Qc2 a6 5.Bf4 Bg4 6.Nbd2 e6 7.e3 Nbd7 8.Ne5 Bh5
9.Qb3 Qb6 10.c5 Qxb3 11.axb3 Nxe5 12.Bxe5 Nd7 13.Bg3 e5 14.b4 exd4 15.exd4 Be7
16.h4 O-O 17.Nb3 Rfe8 18.Kd2 Bf6 19.f3 h6 20.Bd3 Nf8 21.Rae1 Bg6 22.Be5 Bxe5
23.dxe5 Bxd3 24.Kxd3 Ng6 25.Kd4 Nf4 26.g3 Ne6+ 27.Kd3 b6 28.cxb6 Rab8 29.Ra1 Rxb6
30.Ra4 Reb8 31.Kc3 Rb5 32.f4 g6 33.h5 Kg7 34.hxg6 Kxg6 35.Rh2 h5 36.Rh4 c5
37.Nxc5 Nxc5 38.bxc5 Rxc5+ 39.Kd4 Rc4+ 40.Rxc4 dxc4 41.Rh2 Rb3 42.Rg2 a5
43.Kxc4 a4 44.Kd5 Kf5 45.Kd6 a3 46.bxa3 Rxa3 47.Ke7 Ra7+ 48.Kf8 Kg6 49.Rd2 Ra8+
50.Ke7 Ra3 51.Rd8 Kg7 52.f5 Ra7+ 53.Rd7 Ra5 54.Kd6 Ra6+ 55.Kd5 Kf8 56.Ke4 Ra4+
57.Kf3 Rb4 58.Ra7 h4 59.g4 h3 60.Ra2 Rb3+ 61.Kf4 Rb4+ 62.Kg5 Kg7 63.Re2 Rb3
64.Rh2 Rb5 65.Kf4 Rb4+ 66.Kg5 Rb5 67.f6+ Kg8 68.Kf5 Rb3 69.Kg5 Rb5 70.Kf5 Rb3
71.Rh1 Rf3+ 72.Kg5 Re3 73.Kf4 Rb3 74.g5 Ra3 75.Rh2 Rb3 76.Kf5 Rf3+ 77.Kg4 Re3
78.Kf4 Ra3 79.Rh1 Rb3 80.e6 fxe6 81.g6 Rb5 82.Rxh3 Rf5+ 83.Kg4 Rxf6 84.Kg5 Rf5+
85.Kh6 Rf1 86.Rh5 e5 87.Rxe5 Rh1+  1/2-1/2

[Event "1st Magistral Endesa"]
[Site "Santiago CHI"]
[Date "2006.11.22"]
[Round "7"]
[White "Hellsten,J"]
[Black "Sepulveda,Job"]
[Result "1/2-1/2"]
[WhiteElo "2592"]
[BlackElo "2337"]

1.d4 d5 2.c4 c6 3.Nf3 Nf6 4.Qb3 e6 5.Bg5 Be7 6.e3 O-O 7.Nc3 Nbd7 8.Bd3 dxc4
9.Qxc4 Nd5 10.Bxe7 Qxe7 11.O-O N5b6 12.Qb3 e5 13.Rfe1 exd4 14.exd4 Qd8 15.Rad1 Nf6
16.Ne5 Be6 17.Qc2 Nbd5 18.Qd2 Qc7 19.Na4 Rad8 20.Nc5 Bc8 21.b4 Rfe8 22.a3 Re7
23.b5 cxb5 24.Bxb5 Bf5 25.Rc1 Qb8 26.Bc4 Qd6 27.Qa2 b6 28.Ncd3 Be6 29.Bb3 Rc7
30.Rxc7 Qxc7 31.Rc1  1/2-1/2

[Event "19th Belgrade Trophy"]
[Site "Belgrade SRB"]
[Date "2006.11.23"]
[Round "2"]
[White "Vojinovic,J"]
[Black "Pokrajac,M"]
[Result "1-0"]
[WhiteElo "2115"]
[BlackElo "1984"]

1.d4 Nf6 2.c4 d5 3.Nf3 c6 4.Qc2 g6 5.Bf4 Bg7 6.e3 Nbd7 7.h3 O-O 8.Nc3 Qa5
9.Be2 Ne4 10.O-O Nxc3 11.Qxc3 Qxc3 12.bxc3 f6 13.cxd5 cxd5 14.c4 e5 15.Bh2 dxc4
16.Bxc4+ Kh8 17.Bb5 exd4 18.Nxd4 Nb6 19.Rac1 a6 20.Be2 f5 21.Rfd1 Bf6 22.Bf3 Rf7
23.Rd2 Kg7 24.Bc7 Bxd4 25.exd4 Nd7 26.Rdc2 Rf8 27.Bd6 Re8 28.Rc7 Kf6 29.Bxb7 Bxb7
30.Rxd7 Ke6 31.Rxb7 Kxd6 32.Rxh7 Re6 33.Rhc7 Rae8 34.R1c5 Re1+ 35.Kh2 R8e2
36.R7c6+ Kd7 37.Rxa6 Rxf2 38.Rxg6 f4 39.Ra5 Kc7 40.Ra7+ Kb8 41.Rf7 Re8 42.Kg1 Rxa2
43.Rxf4 Rd2 44.Rg7 Kc8 45.Rfg4 Re1+ 46.Kh2 Red1 47.Rh7 Rxd4 48.Rxd4 Rxd4
49.Re7 Kd8 50.Re3  1-0

[Event "19th Belgrade Trophy"]
[Site "Belgrade SRB"]
[Date "2006.11.27"]
[Round "6"]
[White "Payen,Ar"]
[Black "Pavlovic,Milo"]
[Result "1/2-1/2"]
[WhiteElo "2369"]
[BlackElo "2507"]

1.d4 d5 2.c4 c6 3.Nf3 Nf6 4.Qb3 e6 5.Bg5 Be7 6.e3 O-O 7.Nc3 a6 8.Rd1 b5 9.cxd5 cxd5
10.Ne5 Nfd7 11.Bxe7 Qxe7 12.Nxd7 Bxd7 13.Bd3 Nc6 14.O-O Rfc8 15.a3 b4 16.axb4 Qxb4
17.Qc2 g6 18.Ra1 a5 19.Qe2 a4 20.Ba6 Rcb8 21.Rfc1 Ne7 22.Rc2 Nf5 23.g3 Nd6
24.Bd3 a3 25.bxa3 Rxa3 26.Rb1 Rb3 27.Rxb3 Qxb3 28.h4 Rc8 29.Qd2 Bb5 30.Nxb5 Rxc2
31.Qxc2 Qxc2 32.Bxc2 Nxb5  1/2-1/2

[Event "Capablanca mem Open"]
[Site "Havana CUB"]
[Date "2006.11.28"]
[Round "8"]
[White "Borges Mateos,J"]
[Black "Corrales,Fi"]
[Result "1/2-1/2"]
[WhiteElo "2431"]
[BlackElo "2496"]

1.Nf3 d5 2.d4 Nf6 3.c4 c6 4.Qc2 g6 5.e3 Bf5 6.Bd3 Bxd3 7.Qxd3 Bg7 8.O-O O-O
9.Nc3 Nbd7 10.e4 dxe4 11.Nxe4 Nxe4 12.Qxe4 e6 13.Bf4 Re8 14.Rfe1 Qa5 15.Bd6 Qa6
16.Ne5 Rad8 17.c5 f5 18.Qc2 Nf6 19.h4 Bf8 20.Nc4 Ne4 21.Be5 Bg7 22.f3 Bxe5
23.dxe5 Nxc5 24.Nd6 Qb6 25.Nxe8 Ne4+ 26.Kh1 Rd2 27.Qxd2 Nxd2 28.Re2 Qd4 29.Rd1 Qxh4+
30.Kg1 Qd4+ 31.Kh1  1/2-1/2

[Event "XIV Salona GM"]
[Site "Solin CRO"]
[Date "2006.12.02"]
[Round "9"]
[White "Romanishin,O"]
[Black "Georgiev,Vl"]
[Result "1-0"]
[WhiteElo "2542"]
[BlackElo "2532"]

1.d4 d5 2.Nf3 c6 3.c4 dxc4 4.e3 Be6 5.Nc3 b5 6.Ng5 Bd7 7.e4 h6 8.Nf3 Bg4
9.a4 b4 10.Bxc4 e6 11.Ne2 Bxf3 12.gxf3 Nf6 13.a5 Nbd7 14.Be3 Qc7 15.Qb3 Be7
16.O-O g5 17.Rfc1 Rb8 18.Ng3 h5 19.e5 h4 20.exf6 hxg3 21.hxg3 Nxf6 22.d5 exd5
23.Bxd5 Nxd5 24.Qxd5 Qxg3+ 25.fxg3 cxd5 26.Bxa7 Ra8 27.Bc5 Rh6 28.Kg2 Re6
29.Bxe7 Kxe7 30.Rc2 Ra7 31.Ra4 b3 32.Rd2 Kd6 33.a6 Kc6 34.Ra5 Rd6 35.Kf2 d4
36.Rd3 f6 37.Rxb3 d3 38.Ra1 d2 39.Rd1 Rxa6 40.Ke2 Kc5 41.Rc3+ Kb4 42.Rxd2 Rxd2+
43.Kxd2 f5 44.Rc8 Ra2 45.Ke3 Ra7 46.Rg8 f4+ 47.gxf4 Re7+ 48.Kd4 gxf4 49.Rb8+ Ka4
50.Rf8 Kb3 51.Rxf4 Kxb2 52.Rf8 Kc2 53.f4 Kd2 54.f5 Ke2 55.f6 Ra7 56.Ke4 Kf2
57.f7  1-0

[Event "ch-ROM w"]
[Site "Predeal ROM"]
[Date "2006.12.03"]
[Round "7"]
[White "Sterpu,C"]
[Black "Jicman,L"]
[Result "1-0"]
[WhiteElo "2056"]
[BlackElo "2178"]

1.d4 d5 2.c4 c6 3.Nf3 Nf6 4.Qc2 g6 5.Bf4 Bg7 6.e3 O-O 7.Bd3 Nbd7 8.Nc3 dxc4
9.Bxc4 Nb6 10.Be2 Nbd5 11.Bg3 a5 12.O-O Bf5 13.Qb3 Nb4 14.Rfc1 Be6 15.Qd1 b5
16.Ne5 Nd7 17.Nd3 Bc4 18.a3 Nxd3 19.Bxd3 Nb6 20.Be4 Rc8 21.b3 Be6 22.Ne2 Qd7
23.Nf4 Rfd8 24.Nd3 Qe8 25.Nc5 Bd5 26.Bxd5 Rxd5 27.Qe1 Nd7 28.Nxd7 Qxd7 29.Ra2 c5
30.Rac2 Qa7 31.Qe2 e6 32.Qxb5 Bf8 33.dxc5 Bxc5 34.Qa4 Rcd8 35.h3 Qe7 36.e4 Rd4
37.Qxa5 Bxa3 38.Rc7 Qf8 39.R1c4 Rd1+ 40.Kh2 Bd6 41.Bxd6 Qxd6+ 42.e5 Qd3 43.Rc8 Rxc8
44.Rxc8+ Kg7 45.Qc5 g5 46.Qf8+ Kg6 47.Qg8+ Kh6 48.Qxf7 Qg6 49.Qxg6+ Kxg6
50.Rf8 Rb1 51.Rf6+ Kg7 52.Rxe6 Rxb3 53.g3 h5 54.Kg2 g4 55.hxg4 hxg4 56.Rf6 Rb5
57.Rf4 Rxe5 58.Rxg4+ Kh6 59.Ra4  1-0

[Event "Aniversario del Par de Alfiles"]
[Site "Asuncion PAR"]
[Date "2006.12.09"]
[Round "6"]
[White "Peralta,E"]
[Black "Lipiniks,L"]
[Result "1-0"]
[WhiteElo "2279"]
[BlackElo "2139"]

1.d4 d5 2.Nf3 Nf6 3.c4 c6 4.g3 e6 5.Bg2 Bb4+ 6.Nbd2 O-O 7.O-O Be7 8.Qc2 Nbd7
9.b3 b5 10.e4 dxe4 11.Nxe4 Bb7 12.Rd1 Rc8 13.Nxf6+ Nxf6 14.Bb2 Qb6 15.c5 Qc7
16.a3 a5 17.Re1 Nd5 18.Ne5 Rcd8 19.Rad1 Bc8 20.Be4 f5 21.Bg2 Bf6 22.f4 Bxe5
23.Rxe5 Rf6 24.Rde1 h6 25.Qd2 Bd7 26.Bf3 g6 27.h3 Kh7 28.Rf1 Rdf8 29.Bc1 a4
30.b4 Re8 31.Bd1 Rd8 32.Bc2 Kg7 33.Qd3 Be8 34.Bd2 Qd7 35.Rfe1 Qc8 36.Bd1 Bd7
37.Bf3 Qc7 38.Qf1 Qc8 39.Qg2 Kh7 40.Qh2 Kg7 41.Kf2 Rff8 42.Ke2 Rde8 43.Kd1 Qd8
44.Rh1 Bc8 45.g4 Rf7 46.Qg3 Ne7 47.Kc2 Nd5 48.gxf5 Rxf5 49.Rg1 Rf6 50.Be4 Ne7
51.Be3 Nf5 52.Bxf5 exf5 53.d5 cxd5 54.Bd4 Kh7 55.h4 h5  1-0

[Event "13th Open A"]
[Site "Zadar CRO"]
[Date "2006.12.15"]
[Round "7"]
[White "Kurajica,B"]
[Black "Sedlak,N"]
[Result "1/2-1/2"]
[WhiteElo "2555"]
[BlackElo "2549"]

1.d4 d5 2.Nf3 Nf6 3.c4 c6 4.Qc2 g6 5.e3 Bf5 6.Bd3 e6 7.Nbd2 Bg7 8.O-O O-O
9.b4 Nbd7 10.a4 a6 11.a5 Re8  1/2-1/2

[Event "6th Amplico AIG Life"]
[Site "Warsaw POL"]
[Date "2006.12.16"]
[Round "5"]
[White "Przedmojski,R"]
[Black "Sumets,A"]
[Result "0-1"]
[WhiteElo "2394"]
[BlackElo "2523"]

1.d4 d5 2.c4 c6 3.Nf3 Nf6 4.Qc2 dxc4 5.Qxc4 Bf5 6.g3 Nbd7 7.Bg2 e6 8.O-O Be7
9.Nc3 O-O 10.e3 b5 11.Qe2 b4 12.Na4 Rc8 13.Nh4 Bg4 14.f3 Bh5 15.g4 Nd5 16.gxh5 Bxh4
17.e4 N5b6 18.Nxb6 axb6 19.Be3 Qe7 20.f4 f5 21.e5 Rc7 22.Rac1 Rfc8 23.Rc2 Nb8
24.Rfc1 Qd7 25.Qc4 Be7 26.Bf3 b5 27.Qe2 b3 28.axb3 Na6 29.Qg2 Nb4 30.Rd2 Nd5
31.Qf2 Bb4 32.Rdc2 Ba5 33.Kh1 Bb6 34.Rd1 Ra7 35.Qg1 Ra2 36.Rg2 Kh8 37.h3 Rca8
38.Kh2 R8a7 39.Kh1 Qd8 40.Kh2 Rd7 41.Bxd5 cxd5 42.Rc1 Rc7 43.Rgc2 Rxc2+ 44.Rxc2 Qd7
45.Qc1 h6 46.Qd2 Ba5 47.b4 Bb6 48.Qc3 Kh7 49.Kg3 Bd8 50.Qc8 Qe7 51.Qc5 Qh4+
52.Kh2 Qe1 53.Bf2 Qe4 54.Bg3 Bb6 55.Qc3 Bxd4 56.Qb3 Qxc2+ 57.Qxc2 Rxb2 58.Qxb2 Bxb2
59.Be1 Bc1 60.Kg3 g6 61.hxg6+ Kxg6 62.Kf3 d4 63.Bh4 Kf7 64.Be1 Ke8 65.Bf2 d3
66.Bg3 Kd7 67.Kf2 Bd2 68.Kf3 Kc6 69.h4 h5 70.Bh2 Kd5  0-1

[Event "6th Amplico AIG Life"]
[Site "Warsaw POL"]
[Date "2006.12.16"]
[Round "7"]
[White "Czerwonski,A"]
[Black "Zubov,A UKR"]
[Result "0-1"]
[WhiteElo "2382"]
[BlackElo "2537"]

1.d4 d5 2.c4 dxc4 3.Nf3 c6 4.e3 Be6 5.a4 Nf6 6.Na3 c5 7.Nxc4 Nc6 8.Nce5 Bd5
9.Nxc6 bxc6 10.Be2 e6 11.O-O Rb8 12.dxc5 Bxc5 13.Qc2 Bb4 14.Nd2 O-O 15.Bd3 e5
16.e4 Be6 17.Nc4 Nd7 18.Be3 Qc7 19.Rac1 Bc5 20.Bxc5 Nxc5 21.Nxe5 Nb3 22.Nxc6 Nxc1
23.Rxc1 Ra8 24.b4 Kh8 25.e5 Bd5 26.Be4 Bxe4 27.Qxe4 a6 28.Rc4 Qd7 29.Rd4 Qe6
30.g3 Rfe8 31.Kg2 f6 32.Rd6 Qxd6 33.exd6 Rxe4 34.d7 Kg8 35.b5 axb5 36.axb5 Re6
37.d8=Q+ Rxd8 38.Nxd8 Rb6 39.h4 Rxb5 40.Nc6 Kf7 41.Nd4 Rb4 42.Nf5 g6 43.Ne3 Ke6
44.Nc2 Ra4 45.Ne1 Kf5 46.Nf3 Ke4 47.Ng1 Ra2 48.Nh3 h6 49.g4 f5 50.gxf5 gxf5
51.Kg3 Ra3+ 52.Kg2 Rxh3  0-1

[Event "Masters"]
[Site "Singapore SIN"]
[Date "2006.12.26"]
[Round "2"]
[White "Anas,N"]
[Black "Zhao Jun"]
[Result "0-1"]
[WhiteElo "2254"]
[BlackElo "2539"]

1.d4 d5 2.Nf3 Nf6 3.c4 c6 4.g3 Bf5 5.Nbd2 e6 6.Bg2 Nbd7 7.O-O Be7 8.b3 O-O
9.Nh4 Bg6 10.Nxg6 hxg6 11.Bb2 a5 12.e4 dxe4 13.Nxe4 a4 14.Qc2 Qa5 15.Rfd1 Rfd8
16.Nc3 a3 17.Bc1 Bb4 18.Ne2 e5 19.dxe5 Qxe5 20.Rb1 Nc5 21.Be3 Ne6 22.h3 g5
23.Kf1 Bc5 24.Bxc5 Nxc5 25.Nc3 Rxd1+ 26.Rxd1 Na6 27.Re1 Qa5 28.Rd1 Rd8 29.Rxd8+ Qxd8
30.Qd1 Qa5 31.Qd4 Nb4 32.Qd6 Na6 33.Qd4 Qf5 34.Qd2 Nc5 35.Kg1 g6 36.Qc1 Nd3
37.Qc2 Nb4 38.Qxf5 gxf5 39.Nb1 Nxa2 40.Nxa3 Nb4 41.Kf1 Nd7 42.Bf3 Kg7 43.Bd1 Nc5
44.Nc2 Nxc2 45.Bxc2 Kf6 46.Ke2 Ne6 47.b4 f4 48.Be4 Ke5 49.Kd3 f5 50.Bf3 fxg3
51.fxg3 f4 52.g4 c5 53.bxc5 Nxc5+ 54.Kc3 b6 55.Bg2 Ne6 56.Bb7 Nd4 57.Kd3 Ne6
58.Ke2 Kd4 59.Bd5 Nf8 60.h4 gxh4 61.Kf3 Ke5 62.Bf7 Nh7  0-1

[Event "1st Hotel Bern Open"]
[Site "Bern SUI"]
[Date "2006.12.27"]
[Round "2"]
[White "Rausis,I"]
[Black "Kulczyk,L"]
[Result "1-0"]
[WhiteElo "2521"]
[BlackElo "2118"]

1.d4 d5 2.c4 c6 3.Nf3 Nf6 4.Qc2 dxc4 5.e4 b5 6.b3 cxb3 7.axb3 Bg4 8.Nbd2 e6
9.Bd3 Qb6 10.O-O Be7 11.Bb2 Nbd7 12.Rfc1 Rc8 13.Qb1 h6 14.Qa2 Rc7 15.Qa5 O-O
16.Qxb6 axb6 17.Bxb5 Bxf3 18.gxf3 Bb4 19.Nf1 Rfc8 20.Bd3 Nh5 21.Ne3 Nf4 22.Bf1 Nf6
23.Ra6 Rb8 24.d5 Nd7 25.Rxc6 Rxc6 26.dxc6 Nc5 27.c7 Rc8 28.Rxb6  1-0

[Event "Masters"]
[Site "Singapore SIN"]
[Date "2006.12.27"]
[Round "3"]
[White "Tu Hoang Thai"]
[Black "Anas,N"]
[Result "1-0"]
[WhiteElo "2414"]
[BlackElo "2254"]

1.d4 d5 2.Nf3 c6 3.c4 Nf6 4.Qc2 Bg4 5.Ne5 e6 6.Nxg4 Nxg4 7.e4 dxe4 8.Qxe4 Nf6
9.Qe3 Nbd7 10.Nc3 Be7 11.Be2 O-O 12.O-O Re8 13.b3 a5 14.Qg3 Nf8 15.Rd1 Ng6
16.Qe3 Qc7 17.Bb2 Bf8 18.Rac1 Rad8 19.g3 Nd7 20.Bf3 Bb4 21.Ne4 Bf8 22.Qc3 Bb4
23.Qc2 Be7 24.h4 Ngf8 25.Bg2 Nf6 26.Ng5 h6 27.Nf3 Ra8 28.a3 Rad8 29.Rd2 Qb6
30.c5 Qc7 31.Ne5 N8d7 32.Nc4 Nd5 33.Re2 N7f6 34.Bf3 Ra8 35.Rd1 Rf8 36.Bc1 Qb8
37.Bd2 Bd8 38.Kh1 Bc7 39.Rg1 Re8 40.g4 Nd7 41.g5 hxg5 42.Bxg5 Bf4 43.Nd6 Bxg5
44.Rxg5 Rd8 45.Bxd5 cxd5 46.Rxe6 Nxc5 47.dxc5 fxe6 48.Qg6  1-0

[Event "Masters"]
[Site "Singapore SIN"]
[Date "2006.12.28"]
[Round "5"]
[White "Gokhale,C"]
[Black "Bachtiar,Ah"]
[Result "1/2-1/2"]
[WhiteElo "2375"]
[BlackElo "2244"]

1.d4 d5 2.c4 c6 3.Nf3 Nf6 4.Qc2 g6 5.g3 Bg7 6.Bg2 O-O 7.O-O Nbd7 8.cxd5 cxd5
9.Nc3 b6 10.Bf4 Bb7 11.Qb3 a6 12.Ne5 e6 13.Nxd7 Nxd7 14.Rfd1 Rc8 15.e4 dxe4
16.Nxe4 Bd5 17.Qa3 Rc2 18.Nc3 Bxg2 19.Kxg2 e5 20.dxe5 Qa8+ 21.Kg1 Qf3 22.Be3 Nxe5
23.Qb3 Qf5 24.Rd5 h5 25.h3 b5 26.a3 Re8 27.Rad1 Rxc3 28.Qxc3 Nf3+ 29.Kg2 Qe4
30.Qc5 Bd4 31.R5xd4 Nxd4+ 32.Kh2 Nf3+ 33.Kg2 Nh4+ 34.Kf1 Qh1+ 35.Ke2 Qf3+
36.Kd2 Rd8+ 37.Bd4 Nf5 38.Kc1 Qe2 39.Qb6 Rxd4 40.Rxd4 Nxd4 41.Qd8+ Kh7 42.Qxd4 Qf1+
43.Kc2 Qxh3 44.Kb3 a5 45.Kc2 Qf5+ 46.Kd2 Qe6 47.Kd1 Qc4 48.Qf6 b4 49.axb4 axb4
50.Kd2 b3 51.Qe5 Qc2+ 52.Ke3 Qc1+ 53.Kf3 Qc6+ 54.Kf4 Qe6 55.Qc3 f5 56.Kg5 Qe7+
57.Kf4 Qe4+ 58.Kg5 Qe7+ 59.Kf4 Qe6 60.Kg5 Qe7+ 61.Kf4  1/2-1/2

[Event "Masters"]
[Site "Singapore SIN"]
[Date "2006.12.28"]
[Round "6"]
[White "Mohan,R"]
[Black "Hasan,B"]
[Result "1-0"]
[WhiteElo "2016"]
[BlackElo "2127"]

1.d4 d5 2.Nf3 Nf6 3.c4 c6 4.Qc2 e6 5.g3 Ne4 6.Bg2 Bb4+ 7.Nbd2 f5 8.a3 Be7
9.O-O Nd7 10.b4 O-O 11.Bb2 Kh8 12.b5 Bf6 13.Nxe4 dxe4 14.Ne5 Bxe5 15.dxe5 Qc7
16.Qc3 b6 17.Rfd1 Bb7 18.a4 c5 19.Rd6 Rae8 20.Rad1 Rf7 21.Qd2 Ree7 22.Bh3 Nf8
23.Rd8 h6 24.Qd6 Kh7 25.Bc3 Rd7 26.Rxf8 Rfe7 27.Rd2 e3 28.fxe3 Rxd6 29.exd6 Qd7
30.dxe7 Qxe7 31.Rfd8 Qg5 32.Kf2 Bd5 33.Rd7 Bxc4 34.Rxg7+ Qxg7 35.Bxg7 Kxg7
36.Rd7+ Kf6 37.Rxa7 Bb3 38.a5 Ke5 39.axb6 Kd6 40.b7 Kc7 41.b6+ Kb8 42.Bg2 Bd5
43.Bxd5 exd5 44.Ra8+  1-0

[Event "Masters"]
[Site "Singapore SIN"]
[Date "2006.12.29"]
[Round "7"]
[White "Chiong,L"]
[Black "Dableo,R"]
[Result "1/2-1/2"]
[WhiteElo "2364"]
[BlackElo "2425"]

1.d4 d5 2.c4 c6 3.Nf3 Nf6 4.Qc2 e6 5.Bg5 Be7 6.e3 O-O 7.Nc3 Nbd7 8.Bd3 h6
9.Bh4 b6 10.O-O Ba6 11.Qe2 Rc8 12.Rfd1 Ne4 13.Bg3 Nxg3 14.hxg3 dxc4 15.Bxc4 Bxc4
16.Qxc4 b5 17.Qe2 Qb6 18.a4 a6 19.Ra2 Qb7 20.Ne4 Rfd8 21.Rda1 b4 22.b3 c5
23.Nxc5 Bxc5 24.dxc5 Nxc5 25.Rb2 Rd3 26.Rab1 Rc3 27.Nd4 Qe4 28.Qf3 Qg6 29.Nc6 Rxc6
30.Qxc6 Nd3 31.Qe8+ Kh7 32.Rd2 Nxf2 33.Rf1 Nh3+ 34.gxh3 Qxg3+  1/2-1/2